000 01199nam a2200253Ia 4500
003 PE SENCICO BE
005 20260306185455.0
008 200515s9999 xx 000 0 und d
020 _a9972-1-0175-4
040 _aPE SENCICO BE
_cPE SENCICO BE
041 _aspa
082 _a303.485
_bK96P
100 1 _aKuroiwa, Julio
_9189
_eautor
245 1 0 _aPrevención de desastres /
_cJulio Kuroiwa
250 _a[1a ed.]
260 _aLima :
_bBruño ;
_csin año
300 _a112 páginas :
_bilustraciones a color, tablas,gráficos ;
_c27 cm.
500 _aEn la cubierta: viviendo en armonía con la naturaleza
505 0 _aLa armonía con la naturaleza para reducir los desastres -- Fenómenos de origen geológico I: terremotos -- Fenómenos de origen geológico II: vulcanismo y tsunamis -- Desastres de origen climático -- Fenómenos geológicos-climáticos -- Desastres tecnológicos -- Microzonificación y planeamiento urbano. Ubicación de viviendas -- Preparación de la población, ensayos de evacuación y planes de emergencia
650 1 0 _aDesastres naturales
_9370
650 2 0 _aAdministración de riesgos
_9567
650 2 0 _aFenómenos naturales
_9568
942 _cLIB
_2ddc
999 _c701
_d701